01650nam a2200325 a 4500001001000000003000900010005001700019007000300036008004100039020001800080040002500098082002500123100002500148245009400173260006100267300003600328500007100364590002800435650007700463650005200540650007800592650007800670650007900748910004000827942001400867952013800881952014401019952014401163999001701307000002652DO-SdBNP20221208100602.0ta090703s2017 dr ac 000 0 spa d a9789945167962 aDO-SdBNPbspacBNPHU 4a972.93054bV422q2221 aVega, Bernardo9836110aQuiénes eran los ricos al final de la dictadura de Trujillo /cprólogo, Bernardo Vega aSanto Domingo :bFundación Cultural Dominicana,c2017. a288 p. :bil., retrs, ;c28 cm. aIncluye datos biográficos del autor en la solapa de la cubierta  aInventariado, 2022 / DG 4aRicosxRepública DominicanaxHistoriaySiglo XXvEstadísticas982899 4aRicoszRepública DominicanavRegistros982900 4aRentaszRepública DominicanaxHistoriaySiglo XXvEstadísticas982901 4aImpuestos sobre bieneszRepública DominicanaxHistoriaySiglo XX982902 4aImpuesto sobre la rentazRepública DominicanaxHistoriaySiglo XX982903 aDG/Validado. Control de calidad MFF 2ddccLBS1 00102ddc51708PDaBNPHUbBNPHUcHDd2022-11-02eDeposito Legal oBNPHU PD 972.93054 V422qp2022-4755r2022-11-02w2022-11-02yLBS1 00102ddc51708PDaBNPHUbBNPHUcHDd2022-11-02eDeposito Legal oBNPHU PD 972.93054 V422qp2022-4756r2022-11-02te.2w2022-11-02yLBS1 00102ddc56708DSaBNPHUbBNPHUcHDd2022-11-02eDeposito Legal oBNPHU DS 972.93054 V422qp2022-4760r2022-11-02te.3w2022-11-02yLBS1 c52734d52734